|
|
|
|
| LEADER |
00762nab a2200205 i 4500 |
| 001 |
acta23333 |
| 005 |
20220504155628.0 |
| 008 |
161017s1937 hu o 0|| hun d |
| 022 |
|
|
|a 0365-8074
|
| 040 |
|
|
|a SZTE Egyetemi Kiadványok Repozitórium
|b hun
|
| 041 |
|
|
|a hun
|
| 100 |
1 |
|
|a Gyulai László
|
| 245 |
1 |
0 |
|a Hőmérséklet hatása cobalto- és nickelsók absorptios színképére
|h [elektronikus dokumentum] /
|c Gyulai László
|
| 260 |
|
|
|c 1937
|
| 300 |
|
|
|a 210-237
|
| 490 |
0 |
|
|a Acta chemica, mineralogica et physica
|v 5 No. 3
|
| 650 |
|
4 |
|a Természettudományok
|
| 650 |
|
4 |
|a Kémiai tudományok
|
| 695 |
|
|
|a Színképelemzés, Kobalt-vegyületek, Nikkel
|
| 856 |
4 |
0 |
|u http://acta.bibl.u-szeged.hu/23333/1/chem_min_phys_005_fasc_003_210-237.pdf
|z Dokumentum-elérés
|